[Event "Sofia MGU op 189th"]
[Site "Sofia"]
[Date "2017.09.10"]
[Round "6"]
[White "Hristov, Hristo Mitov"]
[Black "Ginev, Nikola"]
[Result "0-1"]
[WhiteElo "2138"]
[BlackElo "1714"]
[PlyCount "66"]
[EventDate "2017.09.09"]
[EventType "swiss"]
[EventRounds "6"]
[EventCountry "BUL"]
[SourceTitle "CBM 180 Extra"]
[Source "ChessBase"]
[SourceDate "2017.10.06"]
[SourceVersion "1"]
[SourceVersionDate "2017.10.06"]
[SourceQuality "1"]

1. e4 c5 2. c4 Nc6 3. Ne2 Nf6 4. Nbc3 e5 5. d3 h6 6. g3 d6 7. Bg2 Be7 8. 0-0 0-0 9. f4 Bg4 10. f5 Nd4 11. h3 Bxe2 12. Nxe2 Nxe2+ 13. Qxe2 Nd7 14. h4 Nb8 15. Qf2 Bf6 16. Be3 Nc6 17. Bf3 Nd4 18. Kg2 Kh7 19. Rh1 g6 20. Bg4 Kg7 21. Raf1 Qe7 22. Qd2 Rh8 23. fxg6 fxg6 24. Rf2 g5 25. Bxd4 exd4 26. Bh5 Raf8 27. Rhf1 gxh4 28. gxh4 Rhg8 29. Kh1 Kh7 30. Qf4 Bg7 31. Qh2 Rxf2 32. Qxf2 Rf8 33. Qxf8 Qxh4+ 0-1

[Event "Sofia MGU op 189th"]
[Site "Sofia"]
[Date "2017.09.09"]
[Round "1"]
[White "Canadell Ruiz, Samuel Sandal"]
[Black "Hristov, Hristo Mitov"]
[Result "0-1"]
[WhiteElo "1794"]
[BlackElo "2138"]
[PlyCount "64"]
[EventDate "2017.09.09"]
[EventType "swiss"]
[EventRounds "6"]
[EventCountry "BUL"]
[SourceTitle "CBM 180 Extra"]
[Source "ChessBase"]
[SourceDate "2017.10.06"]
[SourceVersion "1"]
[SourceVersionDate "2017.10.06"]
[SourceQuality "1"]

1. d4 e6 2. e4 d5 3. Be3 dxe4 4. f3 Nf6 5. Nd2 exf3 6. Ngxf3 Be7 7. Bd3 Nd5 8. Qe2 Nc6 9. c3 a6 10. 0-0 0-0 11. Nc4 Nxe3 12. Qxe3 Bf6 13. Qe4 g6 14. Ne3 Bg7 15. g4 Rb8 16. h4 Bd7 17. h5 Ne7 18. Ng5 Bc6 19. Qf4 Nd5 20. Nxd5 Qxd5 21. Be4 Qd6 22. Qf3 Qe7 23. Nh3 Bxe4 24. Qxe4 Qh4 25. Rf3 Rbe8 26. Nf2 f5 27. Qe2 fxg4 28. Rxf8+ Rxf8 29. hxg6 Qg3+ 30. Kf1 h5 31. Rd1 Rf6 32. Rd3 Rxf2+ 0-1

[Event "Sofia MGU op 158th"]
[Site "Sofia"]
[Date "2015.12.27"]
[Round "5"]
[White "Hristov, Hristo Mitov"]
[Black "Metev, Martin"]
[Result "1-0"]
[WhiteElo "2092"]
[BlackElo "2035"]
[PlyCount "81"]
[EventDate "2015.12.26"]
[EventType "swiss"]
[EventRounds "6"]
[EventCountry "BUL"]
[SourceTitle "CBM 170 Extra"]
[Source "ChessBase"]
[SourceDate "2016.02.25"]
[SourceVersion "1"]
[SourceVersionDate "2016.02.25"]
[SourceQuality "1"]

1. e4 e6 2. d4 d5 3. Nc3 Bb4 4. exd5 exd5 5. Bd3 Nf6 6. Nge2 0-0 7. 0-0 h6 8. a3 Bd6 9. Bf4 Bxf4 10. Nxf4 Qd6 11. Qd2 Re8 12. Rae1 Bd7 13. Re5 Rxe5 14. dxe5 Qxe5 15. Ncxd5 Nxd5 16. Nxd5 Nc6 17. c4 Re8 18. Qc3 Qxc3 19. Nxc3 Ne5 20. Be2 Be6 21. b3 Rd8 22. Rd1 Rxd1+ 23. Bxd1 a5 24. f4 Nd3 25. g3 Nb2 26. Be2 a4 27. Nxa4 Nxa4 28. bxa4 b6 29. c5 bxc5 30. Kf2 Kf8 31. a5 Bd5 32. Bf3 Bc4 33. Bb7 Ke7 34. a6 Bxa6 35. Bxa6 Kd6 36. Bc4 f6 37. Ke3 Kc6 38. Kd3 Kb6 39. Kc3 Ka5 40. Kb3 g5 41. h4 1-0

[Event "Teteven op 30th"]
[Site "Teteven"]
[Date "2015.08.14"]
[Round "6"]
[White "Hristov, Hristo Mitov"]
[Black "Todorov, Yavor"]
[Result "1/2-1/2"]
[WhiteElo "2052"]
[BlackElo "2215"]
[PlyCount "85"]
[EventDate "2015.08.10"]
[EventType "swiss"]
[EventRounds "9"]
[EventCountry "BUL"]
[SourceTitle "CBM 167 Extra"]
[Source "ChessBase"]
[SourceDate "2015.09.14"]
[SourceVersion "1"]
[SourceVersionDate "2015.09.14"]
[SourceQuality "1"]

1. e4 c5 2. c4 Nc6 3. Ne2 e5 4. Nbc3 Nf6 5. g3 d6 6. Bg2 Be6 7. d3 Qd7 8. 0-0 Be7 9. f4 Bg4 10. Bf3 Bh3 11. Bg2 Bg4 12. Bf3 Bh3 13. Bg2 Bxg2 14. Kxg2 h5 15. h3 0-0-0 16. a3 Nd4 17. Nxd4 exd4 18. Nd5 Nxd5 19. exd5 f5 20. h4 Rh6 21. Rh1 Rdh8 22. Bd2 Rg6 23. Qe2 Bd8 24. Rae1 Rg4 25. Qe6 Rh6 26. Qxd7+ Kxd7 27. Kf2 Rf6 28. Reg1 Rf8 29. Re1 Rg6 30. Re2 Re8 31. Rxe8 Kxe8 32. Re1+ Kd7 33. Kf3 Rf6 34. Ke2 Rf8 35. Kd1 Re8 36. Rxe8 Kxe8 37. Kc2 Kd7 38. a4 Kc7 39. Ba5+ b6 40. Bd2 Kd7 41. b3 a6 42. Be1 b5 43. Bd2 1/2-1/2

[Event "Teteven op 30th"]
[Site "Teteven"]
[Date "2015.08.12"]
[Round "3"]
[White "Galunov, Todor"]
[Black "Hristov, Hristo Mitov"]
[Result "1-0"]
[WhiteElo "2278"]
[BlackElo "2052"]
[PlyCount "105"]
[EventDate "2015.08.10"]
[EventType "swiss"]
[EventRounds "9"]
[EventCountry "BUL"]
[SourceTitle "CBM 167 Extra"]
[Source "ChessBase"]
[SourceDate "2015.09.14"]
[SourceVersion "1"]
[SourceVersionDate "2015.09.14"]
[SourceQuality "1"]

1. Nf3 g6 2. g3 Bg7 3. Bg2 e5 4. d3 d6 5. c4 Ne7 6. Nc3 0-0 7. 0-0 Nbc6 8. Rb1 h6 9. b4 a5 10. b5 Nd4 11. Ba3 Rb8 12. c5 d5 13. c6 bxc6 14. Nxd4 exd4 15. bxc6 Rxb1 16. Nxb1 Re8 17. Qc2 Nf5 18. Re1 Ba6 19. Nd2 a4 20. Nf3 Qa8 21. g4 Ne7 22. Bxe7 Rxe7 23. Qxa4 Re6 24. Nxd4 Bxd4 25. Qxd4 Qxc6 26. Qxd5 Qc2 27. Qd8+ Kg7 28. Qd4+ Kg8 29. Be4 Qxa2 30. Qd8+ Kg7 31. Qxc7 Qd2 32. Qc1 Qb4 33. Qa1+ Rf6 34. Rc1 Qb6 35. e3 Kh7 36. Qc3 Qd6 37. Qc7 Qb4 38. Qc3 Qd6 39. h3 Bb5 40. Qc5 Qa6 41. Qe5 Re6 42. Qa1 Qd6 43. Rc8 Re8 44. Rxe8 Bxe8 45. Qa8 Bd7 46. Qd5 Qe7 47. Kg2 Be6 48. Qb7 Qh4 49. Bd5 Bxd5+ 50. Qxd5 Kg7 51. Qe5+ Kf8 52. d4 h5 53. g5 1-0

[Event "Prague op-A 14th"]
[Site "Prague"]
[Date "2015.01.11"]
[Round "4"]
[White "Eliseev, Evgeniy"]
[Black "Hristov, Hristo Mitov"]
[Result "1-0"]
[WhiteElo "2204"]
[BlackElo "2041"]
[PlyCount "119"]
[EventDate "2015.01.09"]
[EventType "swiss"]
[EventRounds "9"]
[EventCountry "CZE"]
[SourceTitle "CBM 164 Extra"]
[Source "ChessBase"]
[SourceDate "2015.03.02"]
[SourceVersion "1"]
[SourceVersionDate "2015.03.02"]
[SourceQuality "1"]

1. d4 g6 2. e4 Bg7 3. Nf3 d6 4. c4 Nc6 5. Be2 e5 6. Be3 exd4 7. Nxd4 Nge7 8. Nc3 0-0 9. 0-0 f5 10. Qd2 Bd7 11. f3 b6 12. Rae1 Nxd4 13. Bxd4 Bxd4+ 14. Qxd4 Be6 15. Qd2 f4 16. Nd5 Bxd5 17. exd5 Qd7 18. Bd3 Rae8 19. Rf2 Rf7 20. Rfe2 Ref8 21. Re6 Qd8 22. b4 Nf5 23. Bxf5 Rxf5 24. Qc2 a5 25. bxa5 bxa5 26. Qa4 Qa8 27. Re7 Qa7+ 28. Kh1 R5f7 29. h3 Qc5 30. Rxf7 Rxf7 31. Re8+ Kg7 32. Re4 Rf8 33. Kh2 Rf7 34. Qc2 Qa3 35. Qd2 a4 36. Qd4+ Kh6 37. Rxf4 Rxf4 38. Qxf4+ Kg7 39. Qd4+ Kg8 40. Qd2 Qc5 41. Qc2 Qb4 42. Qe4 Qa5 43. a3 Kg7 44. h4 Qa7 45. Kh3 Qa5 46. Qe7+ Kg8 47. Qe3 Kf8 48. g4 Qa6 49. Qd4 Kg8 50. h5 gxh5 51. gxh5 h6 52. Qe4 Kf7 53. Qe6+ Kf8 54. Qxh6+ Ke7 55. Qg5+ Kf7 56. Qg6+ Ke7 57. Qe4+ Kf6 58. Qe6+ Kg5 59. Qg4+ Kf6 60. h6 1-0

[Event "Sofia MGU op 123rd"]
[Site "Sofia"]
[Date "2014.11.01"]
[Round "2"]
[White "Kostov, Nikolai"]
[Black "Hristov, Hristo Mitov"]
[Result "0-1"]
[WhiteElo "1908"]
[BlackElo "2011"]
[PlyCount "58"]
[EventDate "2014.11.01"]
[EventType "swiss"]
[EventRounds "6"]
[EventCountry "BUL"]
[SourceTitle "EXT 2015"]
[Source "ChessBase"]
[SourceDate "2014.11.20"]
[SourceVersion "1"]
[SourceVersionDate "2014.11.20"]
[SourceQuality "1"]

1. d4 g6 2. c4 Bg7 3. Nc3 d6 4. e4 Nc6 5. Be3 e5 6. d5 Nce7 7. Nge2 f5 8. f4 exf4 9. Nxf4 Nf6 10. exf5 Nxf5 11. Bf2 0-0 12. Be2 Qe7 13. 0-0 Ne3 14. Bxe3 Qxe3+ 15. Kh1 Ne4 16. Nxe4 Rxf4 17. Rxf4 Qxf4 18. Ng3 Bxb2 19. Rb1 Bg7 20. Qa4 Qf7 21. c5 Be5 22. Rf1 Qe7 23. cxd6 Bxd6 24. Ne4 Bf5 25. Bf3 Qh4 26. h3 Rf8 27. Bg4 Bxg4 28. Rxf8+ Kxf8 29. Nxd6 cxd6 0-1

[Event "Sunny Beach op-C 13th"]
[Site "Sunny Beach"]
[Date "2014.09.11"]
[Round "6"]
[White "Velikov, Vladimir"]
[Black "Hristov, Hristo Mitov"]
[Result "0-1"]
[WhiteElo "1883"]
[BlackElo "1944"]
[PlyCount "72"]
[EventDate "2014.09.06"]
[EventType "swiss"]
[EventRounds "9"]
[EventCountry "BUL"]
[SourceTitle "CBM 162 Extra"]
[Source "ChessBase"]
[SourceDate "2014.10.17"]
[SourceVersion "1"]
[SourceVersionDate "2014.10.17"]
[SourceQuality "1"]

1. b3 Nf6 2. Bb2 d6 3. e3 g6 4. Bxf6 exf6 5. c4 Bg7 6. Nc3 f5 7. d4 0-0 8. g3 Re8 9. Nge2 c6 10. Bg2 Nd7 11. 0-0 Nf6 12. Qd3 Qe7 13. Rac1 Bd7 14. d5 c5 15. a3 a5 16. h4 Ng4 17. Nf4 Reb8 18. a4 Re8 19. Rfe1 b6 20. Re2 Be5 21. Rce1 Qf6 22. Nb1 Qg7 23. Nd2 Bc3 24. Rc1 Bb4 25. Nf3 h6 26. Qc2 g5 27. Nd3 f6 28. Bh3 Re7 29. hxg5 hxg5 30. Kg2 Rae8 31. Bxg4 fxg4 32. Nd2 Bf5 33. Nxb4 Bxc2 34. Nxc2 Qh7 35. Nf1 Qh3+ 36. Kg1 Rh7 0-1

[Event "EU-ch U16 23rd"]
[Site "Budva"]
[Date "2013.10.07"]
[Round "8"]
[White "Hristov, Hristo Mitov"]
[Black "Syvalahti, Timo"]
[Result "1/2-1/2"]
[WhiteElo "1915"]
[BlackElo "1708"]
[PlyCount "80"]
[EventDate "2013.09.29"]
[EventType "swiss"]
[EventRounds "9"]
[EventCountry "MNE"]
[SourceTitle "CBM 156 Extra"]
[Source "ChessBase"]
[SourceDate "2013.10.22"]
[SourceVersion "1"]
[SourceVersionDate "2013.10.22"]
[SourceQuality "1"]

1. e4 e6 2. d4 d5 3. Nd2 Nf6 4. e5 Nfd7 5. Bd3 c5 6. c3 Nc6 7. Ne2 Qb6 8. Nf3 cxd4 9. cxd4 f6 10. exf6 Nxf6 11. 0-0 Bd6 12. b3 0-0 13. Bf4 Bxf4 14. Nxf4 Ne4 15. Ne2 Nd6 16. Rc1 Bd7 17. Ng3 Be8 18. Ng5 Nxd4 19. Bxh7+ Kh8 20. Bb1 Rf6 21. Rc3 e5 22. Nf3 N6b5 23. Re3 e4 24. Nxd4 Nxd4 25. Qg4 Qd6 26. Rd1 Bd7 27. Qh5+ Rh6 28. Qg5 Rg6 29. Qh5+ Rh6 30. Qg5 Rg6 31. Qh5+ Rh6 32. Qg5 Rg6 33. Qh5+ Rh6 34. Qg5 Rg6 35. Qh5+ Rh6 36. Qg5 Rg6 37. Qh5+ Rh6 38. Qg5 Rg6 39. Qh4+ Rh6 40. Qg5 Rg6 1/2-1/2

[Event "EU-ch U16 23rd"]
[Site "Budva"]
[Date "2013.10.03"]
[Round "5"]
[White "Procop, Egor"]
[Black "Hristov, Hristo Mitov"]
[Result "1-0"]
[WhiteElo "2062"]
[BlackElo "1915"]
[PlyCount "81"]
[EventDate "2013.09.29"]
[EventType "swiss"]
[EventRounds "9"]
[EventCountry "MNE"]
[SourceTitle "CBM 156 Extra"]
[Source "ChessBase"]
[SourceDate "2013.10.22"]
[SourceVersion "1"]
[SourceVersionDate "2013.10.22"]
[SourceQuality "1"]

1. e4 c5 2. b4 cxb4 3. a3 e6 4. axb4 Bxb4 5. c3 Be7 6. d4 d6 7. Nf3 Nf6 8. Bd3 b6 9. 0-0 Bb7 10. Qe2 Nc6 11. h3 Na5 12. Bb5+ Nd7 13. Ba3 0-0 14. Nbd2 d5 15. Bxe7 Qxe7 16. e5 Rfc8 17. Rfc1 Rc7 18. Bd3 Rac8 19. Qe3 h6 20. Nh2 Nf8 21. Ng4 Ng6 22. Bb1 Ba6 23. g3 Kf8 24. f4 Qd7 25. Nf2 Ne7 26. g4 Rc6 27. Qf3 Ke8 28. f5 Ng8 29. Nd1 Qd8 30. Bc2 Kd7 31. Rcb1 Rb8 32. Rb2 Rc7 33. fxe6+ Kxe6 34. Ne3 g6 35. Rxa5 bxa5 36. Rxb8 Qxb8 37. Qxd5+ Ke7 38. Qd6+ Ke8 39. Ba4+ Bb5 40. Bxb5+ Qxb5 41. Qxc7 1-0